the study on economice efficiency of rainy season rice production in prey sloek commune, treang district, takeo province ការសិក្សាពីប្រសិទ្ធភាពសេដ្ឋនៃផលិតផតកម្មស្រូវវស្សារនៅឃុំព្រៃស្លឹក ស្រុកទ្រាំ ខេត្តកែវ (Record no. 18744)

000 -LEADER
fixed length control field 00748nam a22001577a 4500
003 - CONTROL NUMBER IDENTIFIER
control field LRUA
005 - DATE AND TIME OF LATEST TRANSACTION
control field 20200117145900.0
008 - FIXED-LENGTH DATA ELEMENTS--GENERAL INFORMATION
fixed length control field 200117b xxu||||| |||| 00| 0 eng d
040 ## - CATALOGING SOURCE
Transcribing agency RUA
082 ## - DEWEY DECIMAL CLASSIFICATION NUMBER
Classification number AED CHO 2018 B657 Or.1
100 ## - MAIN ENTRY--PERSONAL NAME
9 (RLIN) 14116
Personal name CHOR MACH ជ ម៉ាច
245 ## - TITLE STATEMENT
Title the study on economice efficiency of rainy season rice production in prey sloek commune, treang district, takeo province ការសិក្សាពីប្រសិទ្ធភាពសេដ្ឋនៃផលិតផតកម្មស្រូវវស្សារនៅឃុំព្រៃស្លឹក ស្រុកទ្រាំ ខេត្តកែវ
260 ## - PUBLICATION, DISTRIBUTION, ETC. (IMPRINT)
Place of publication, distribution, etc. RUA
Name of publisher, distributor, etc. Phnom penh
Date of publication, distribution, etc. 2018
300 ## - PHYSICAL DESCRIPTION
Extent xi;54p
Other physical details ill;
Dimensions 29cm
942 ## - ADDED ENTRY ELEMENTS (KOHA)
Source of classification or shelving scheme
Koha item type AED
Holdings
Price effective from Date last seen Permanent Location Not for loan Date acquired Source of classification or shelving scheme Koha item type Lost status Withdrawn status Date last checked out Total Checkouts Shelving location Damaged status Barcode Current Location Full call number
2020-01-172025-02-20Library Block B 2020-01-17 AED  2024-12-032B657 A43098Library Block BAED CHO 2018 B657 Or.1
2020-01-172020-01-17Library Block B 2020-01-17 AED    B657 A43363Library Block BAED CHO 2018 B657 Or.2
2020-01-172020-01-17Library Block B 2020-01-17 AED    B657 A43158Library Block BAED CHO 2018 B657 Or.3
2020-01-172024-07-06Library Block B 2020-01-17 AED  2024-06-252B657 A43483Library Block BAED CHO 2018 B657 Or.4
2020-01-172024-06-04Library Block B 2020-01-17 AED  2024-05-313B657 A43348Library Block BAED CHO 2018 B657 Or.5
2020-01-172023-10-24Library Block B 2020-01-17 AED  2023-10-021B657 A43333Library Block BAED CHO 2018 B657 Or.6
មជ្ឈមណ្ឌលឯការនៃសាកលវិទ្យាល័យភូមិន្ទកសិកម្មចំការដូង

Powered by Koha